[Event "Nezhmetdinov Memorial 38th"]
[Site "Kazan"]
[Date "2016.06.08"]
[Round "9"]
[White "Grekhov, Luka"]
[Black "Spiridonova, Yana"]
[Result "0-1"]
[WhiteElo "1639"]
[BlackElo "1824"]
[PlyCount "118"]
[EventDate "2016.05.31"]
[EventType "swiss"]
[EventRounds "9"]
[EventCountry "RUS"]
[SourceTitle "CBM 172 Extra"]
[Source "ChessBase"]
[SourceDate "2016.06.21"]
[SourceVersion "1"]
[SourceVersionDate "2016.06.21"]
[SourceQuality "1"]

1. e4 g6 2. d4 Bg7 3. Nf3 d6 4. c3 Nf6 5. Bd3 0-0 6. 0-0 c5 7. h3 a6 8. Bc2 b5 9. Be3 Qc7 10. d5 Nbd7 11. Nbd2 Nb6 12. a4 bxa4 13. Bxa4 Nxa4 14. Qxa4 Bd7 15. Qc2 Rfb8 16. Ra3 Rb6 17. Rfa1 Bb5 18. R1a2 Qc8 19. Nb3 e6 20. dxe6 Qxe6 21. Nbd2 Bc6 22. Ng5 Qe7 23. Nc4 Rbb8 24. Rxa6 Rxa6 25. Rxa6 Bb5 26. Rb6 Rxb6 27. Nxb6 h6 28. Qb3 Bc6 29. Nc8 Qc7 30. Qxf7+ Qxf7 31. Nxf7 Kxf7 32. Nxd6+ Ke6 33. Bxc5 Nxe4 34. Nxe4 Bxe4 35. f3 Bc2 36. Kf2 Kd5 37. Be3 Bd3 38. Bd2 Kc4 39. Ke3 Bf5 40. g4 Bd7 41. Bc1 Kb3 42. Kd2 g5 43. Ke3 Kc2 44. Bd2 Bf8 45. b4 Bb5 46. Be1 Bd6 47. h4 Bf4+ 48. Ke4 Bc6+ 49. Kf5 Bxf3 50. h5 Kd3 51. Kg6 Ke2 52. Bg3 Bxg3 53. Kxh6 Bf4 54. Kg6 Bxg4 55. h6 Bf3 56. c4 g4 57. h7 Be5 58. Kf5 Bh8 59. Kf4 Kf2 0-1

[Event "Nezhmetdinov Memorial 38th"]
[Site "Kazan"]
[Date "2016.06.02"]
[Round "3"]
[White "Spiridonova, Yana"]
[Black "Mischeryakov, Alexey"]
[Result "1-0"]
[WhiteElo "1824"]
[BlackElo "1976"]
[PlyCount "67"]
[EventDate "2016.05.31"]
[EventType "swiss"]
[EventRounds "9"]
[EventCountry "RUS"]
[SourceTitle "CBM 172 Extra"]
[Source "ChessBase"]
[SourceDate "2016.06.21"]
[SourceVersion "1"]
[SourceVersionDate "2016.06.21"]
[SourceQuality "1"]

1. d4 d5 2. c4 c6 3. Nc3 e6 4. Nf3 dxc4 5. e4 b5 6. a4 Bb4 7. Bd2 a5 8. axb5 Bxc3 9. Bxc3 cxb5 10. b3 Nf6 11. Qb1 Bb7 12. bxc4 b4 13. Bd3 Qc7 14. Bd2 Nbd7 15. 0-0 e5 16. Re1 0-0 17. Bg5 h6 18. Bxf6 gxf6 19. Qc1 Kh7 20. Nh4 Rg8 21. Nf5 Rg6 22. Re3 Rh8 23. Rh3 Kg8 24. Ne7+ Kg7 25. c5 Bc8 26. Nf5+ Kf8 27. c6 Nb8 28. Qc5+ Kg8 29. d5 Bxf5 30. exf5 Rg4 31. Rxa5 e4 32. Be2 Rg5 33. Ra7 Qf4 34. c7 1-0

[Event "Nezhmetdinov Memorial 37th"]
[Site "Kazan"]
[Date "2015.06.05"]
[Round "6"]
[White "Terentev, Mikhail"]
[Black "Spiridonova, Yana"]
[Result "1-0"]
[WhiteElo "2018"]
[BlackElo "1825"]
[PlyCount "99"]
[EventDate "2015.05.31"]
[EventType "swiss"]
[EventRounds "9"]
[EventCountry "RUS"]
[SourceTitle "CBM 166 Extra"]
[Source "ChessBase"]
[SourceDate "2015.06.18"]
[SourceVersion "1"]
[SourceVersionDate "2015.06.18"]
[SourceQuality "1"]

1. e4 c5 2. Nf3 Nc6 3. d4 cxd4 4. Nxd4 g6 5. Nc3 Bg7 6. Be3 Nf6 7. Nxc6 dxc6 8. Qxd8+ Kxd8 9. 0-0-0+ Ke8 10. f3 Be6 11. Kb1 Nd7 12. Ne2 Nb6 13. b3 Nc8 14. Nf4 Bd7 15. Nd3 b6 16. Bf4 Nd6 17. Ne5 f6 18. Nxd7 Kxd7 19. g3 e5 20. Bc1 Kc7 21. Bh3 Rad8 22. c4 Nc8 23. Be3 c5 24. Bxc8 Kxc8 25. Kc2 Rxd1 26. Rxd1 Rd8 27. Rxd8+ Kxd8 28. f4 f5 29. Kd3 Kd7 30. exf5 gxf5 31. fxe5 Bxe5 32. Ke2 Ke6 33. Kf3 Bd4 34. Bf4 h5 35. Bb8 a6 36. Kf4 Bf6 37. a4 Bd8 38. Kf3 Kf7 39. Ba7 a5 40. Bb8 Kg6 41. Kf4 Kf6 42. Be5+ Kg6 43. h4 Bf6 44. Bc7 Bc3 45. Bxb6 Bb4 46. Bd8 Be1 47. Be7 Bf2 48. Bd6 Bd4 49. Be5 Bf2 50. Bc3 1-0